000
00334nam a2200133Ia 4500
008
240624s9999 xx 000 0 und d
041
_a
eng
082
_a
657.45 SPE
100
_a
SPELMAN MARK
245
_a
PRODUCTIVITY AUDIT
260
_a
UK
_b
Cambridge Strategy Publications Ltd
300
_a
121 : p. : cm. ; 29
365
_c
RS
_b
50
999
_c
28490
_d
28490